रामायण के पात्र / (Record no. 54476)
[ view plain ]
| 000 -LEADER | |
|---|---|
| fixed length control field | 02949nam a22003377a 4500 |
| 005 - DATE AND TIME OF LATEST TRANSACTION | |
| control field | 20110125140113.0 |
| 008 - FIXED-LENGTH DATA ELEMENTS--GENERAL INFORMATION | |
| fixed length control field | 110125t xxu||||| |||| 00| 0 mar d |
| 010 ## - LCCN (DPL NO) | |
| LC control number | HIN-93434 B-477632-636 |
| 020 ## - INTERNATIONAL STANDARD BOOK NUMBER | |
| International Standard Book Number | 9789381063064 |
| Terms of availability | 225.00 |
| 035 ## - SYSTEM CONTROL NUMBER | |
| System control number | HN-65780 B-477632-636 |
| 037 ## - SOURCE OF ACQUISITION | |
| Source of stock number/acquisition | DBAD / PUB |
| 037 ## - SOURCE OF ACQUISITION | |
| Source of stock number/acquisition | रिसर्चो बुक सेंटर |
| 040 ## - CATALOGING SOURCE | |
| Original cataloging agency | DPL |
| Language of cataloging | HN |
| 082 ## - DEWEY DECIMAL CLASSIFICATION NUMBER | |
| Classification number | 230.2 |
| 100 ## - MAIN ENTRY--PERSONAL NAME | |
| 9 (RLIN) | 25582 |
| Personal name | जोशी, दिनकर |
| 245 ## - TITLE STATEMENT | |
| Title | रामायण के पात्र / |
| Statement of responsibility, etc | दिनकर जोशी; त्रिवेणी प्रसाद शुक्ल एवं प्रज्ञा शुक्ल द्वारा अनुदित |
| 246 ## - VARYING FORM OF TITLE | |
| Title proper/short title | Ramayan ke patra |
| Remainder of title | by Dinkar Joshi |
| 260 ## - PUBLICATION, DISTRIBUTION, ETC. (IMPRINT) | |
| Place of publication, distribution, etc | ग्रंथ अकादमी |
| Name of publisher, distributor, etc | नई दिल्ली |
| Date of publication, distribution, etc | 2011 |
| 270 ## - ADDRESS | |
| Address | 1659 पुराना दरियागंज |
| City | नई दिल्ली |
| Postal code | 110002 |
| 300 ## - PHYSICAL DESCRIPTION | |
| Extent | 176पृ |
| Dimensions | 22सेमी (सजिल्द) |
| 700 ## - ADDED ENTRY--PERSONAL NAME | |
| 9 (RLIN) | 25583 |
| Personal name | शुक्ल , त्रिवेणी प्रसाद |
| 700 ## - ADDED ENTRY--PERSONAL NAME | |
| Personal name | शुक्ल, प्रज्ञा |
| 9 (RLIN) | 30222 |
| 942 ## - ADDED ENTRY ELEMENTS (KOHA) | |
| Source of classification or shelving scheme | Dewey Decimal Classification |
| Item type | Hindi Books |
| Classification part | 230.2 |
| Call number suffix | जोशीदि |
| Withdrawn status | Lost status | Source of classification or shelving scheme | Damaged status | Not for loan | Collection code | Home library | Current library | Date acquired | Source of acquisition | Cost, normal purchase price | Total Checkouts | Full call number | Barcode | Date last seen | Copy number | Cost, replacement price | Koha item type | Total Renewals |
|---|---|---|---|---|---|---|---|---|---|---|---|---|---|---|---|---|---|---|
| Dewey Decimal Classification | Non-fiction | Bawana | Bawana | 10/07/2012 | रिसर्चो बुक सेंटर/28334/30.03.12/36/20.03.12/30.03.12 | 225.00 | 1 | 230.2 जोशीदि | B-477636 | 14/11/2019 | 1 | 225.00 | Hindi Books | |||||
| Dewey Decimal Classification | Non-fiction | Central Library | Central Library | 10/07/2012 | रिसर्चो बुक सेंटर/28334/30.03.12/36/20.03.12/30.03.12 | 225.00 | 230.2 जोशीदि | B-477632 | 10/07/2012 | 1 | 225.00 | Hindi Books | ||||||
| Dewey Decimal Classification | Not For Loan | Non-fiction | D.B.Act.Division | D.B.Act.Division | 27/07/2011 | DBAD / PUB | 225.00 | 230.2 जोशीदि | HN-65780 | 27/07/2011 | 1 | 225.00 | Marathi Books | |||||
| Dewey Decimal Classification | Non-fiction | Janak Puri | Janak Puri | 10/07/2012 | रिसर्चो बुक सेंटर/28334/30.03.12/36/20.03.12/30.03.12 | 225.00 | 13 | 230.2 जोशीदि | B-477634 | 03/12/2024 | 1 | 225.00 | Hindi Books | 3 | ||||
| Dewey Decimal Classification | Non-fiction | Patel Nagar | Patel Nagar | 10/07/2012 | रिसर्चो बुक सेंटर/28334/30.03.12/36/20.03.12/30.03.12 | 225.00 | 2 | 230.2 जोशीदि | B-477633 | 28/10/2019 | 1 | 225.00 | Hindi Books | |||||
| Dewey Decimal Classification | Non-fiction | Sarojini Nagar | Sarojini Nagar | 10/07/2012 | रिसर्चो बुक सेंटर/28334/30.03.12/36/20.03.12/30.03.12 | 225.00 | 2 | 230.2 जोशीदि | B-477635 | 04/02/2022 | 1 | 225.00 | Hindi Books |
